000 00738nam a2200253Ia 4500
003 OSt
005 20220924114806.0
006 a|||||r|||| 00| 0
007 ta
008 220923b |||||||| |||| 00| 0 ara d
020 _c225.00
024 _a263776
037 _b383, 27/03/2012, Nadwi Publications
_cTextual
040 _aARTS
_cARTS
_bara
041 _2ara
_aara
082 _aO28,1x, P1
100 _aKabrit Samir Md. Au.
_9175409
245 0 _aAbu al tayeb al matnabbi
260 _aCairo
_bDarul Marefah Egypt
_c2001
300 _a183p.
_ccm.
650 _aARABIC POETRY
942 _hO28,1x, P1
_cTEXL
_2CC
999 _c395316
_d395316